[Event "10th EUR-ch (w)"]
[Site "Sankt Petersburg RUS"]
[Date "2009.03.18"]
[Round "10"]
[White "Botsari, Anna-Maria"]
[Black "Malgina, Tatiana"]
[Result "1-0"]
[WhiteElo "2289"]
[BlackElo "2342"]
[EventDate "2009.03.08"]
[PlyCount "71"]

1.d4 Nf6 2.c4 c5 3.d5 b5 4.a4 Qa5+ 5.Bd2 b4 6.g3 g6 7.Bg2 d6 8.e4 Bg7 9.
Ra2 O-O 10.Ne2 Nbd7 11.f4 Bb7 12.O-O Qa6 13.b3 e6 14.Bc1 exd5 15.exd5 Rae8
16.Bf3 Ne4 17.g4 Nb6 18.Qc2 Nxd5 19.cxd5 Bxd5 20.Bb2 c4 21.bxc4 b3 22.Qxb3
Bxc4 23.Qa3 Bxa2 24.Bxg7 Bxb1 25.Bxf8 Qb6+ 26.Kg2 Rxf8 27.a5 Qb8 28.Rd1 
Nc5 29.Nc3 Bd3 30.Nd5 Qd8 31.g5 f5 32.Rxd3 Nxd3 33.Qxd3 Qxa5 34.Ne7+ Kf7 
35.Qxd6 Rd8 36.Qf6+ 1-0

[Event "10th EUR-ch (w)"]
[Site "Sankt Petersburg RUS"]
[Date "2009.03.18"]
[Round "10"]
[White "Guramishvili, Sopiko"]
[Black "Vasilevich, Irina"]
[Result "0-1"]
[WhiteElo "2281"]
[BlackElo "2340"]
[EventDate "2009.03.08"]
[PlyCount "136"]

1.d4 e6 2.c4 Bb4+ 3.Bd2 a5 4.g3 d6 5.Bg2 Nc6 6.Nf3 e5 7.d5 Bxd2+ 8.Qxd2 
Nce7 9.Nc3 f5 10.Qg5 Kf8 11.Qc1 Nf6 12.O-O h6 13.e4 Kf7 14.Ne1 Ng6 15.Nd3 
fxe4 16.Nxe4 Bf5 17.Qe3 Re8 18.Rac1 b6 19.b3 Kg8 20.a3 Qe7 21.Rc3 Qf7 22.
f3 Ne7 23.Ndf2 Nh7 24.Qd2 Bd7 25.Rb1 h5 26.h4 Nf5 27.b4 axb4 28.axb4 Qg6 
29.f4 exf4 30.Qxf4 Ra2 31.Rd3 Rf8 32.Qc1 Rxf2 33.Nxf2 Nxg3 34.Re3 Nf5 35.
Re4 Nf6 36.Rf4 Ne3 37.Qxe3 Qxb1+ 38.Bf1 Re8 39.Qg3 Bg4 40.Qd3 Re1 41.Kg2 
Qa1 42.b5 Qe5 43.Qd2 Be2 44.Qxe1 Bxf1+ 45.Kxf1 Qxf4 46.Kg1 Qxc4 47.Qe6+ 
Kh8 48.Qc8+ Ng8 49.Qd8 Qxd5 50.Qxc7 Qxb5 51.Qxd6 Nf6 52.Qd8+ Kh7 53.Nh3 
Qc5+ 54.Kg2 Qd5+ 55.Qxd5 Nxd5 56.Kf3 Kg6 57.Ke4 Nf6+ 58.Ke5 Ng4+ 59.Ke6 
Ne3 60.Nf4+ Kh6 61.Ke5 b5 62.Ke4 Nc4 63.Kd4 g5 64.hxg5+ Kxg5 65.Ne2 h4 66.
Ng1 Kg4 67.Kc5 Nd6 68.Kxd6 b4 0-1

[Event "10th EUR-ch (w)"]
[Site "Sankt Petersburg RUS"]
[Date "2009.03.18"]
[Round "10"]
[White "Peng Zhaoqin"]
[Black "Komiagina, Maria"]
[Result "1-0"]
[WhiteElo "2461"]
[BlackElo "2283"]
[EventDate "2009.03.08"]
[PlyCount "51"]

1.d4 Nf6 2.Nf3 e6 3.g3 d5 4.Bg2 c5 5.c4 cxd4 6.O-O Be7 7.Nxd4 O-O 8.cxd5 
Nxd5 9.Nc3 Nxc3 10.bxc3 Qc7 11.Qb3 e5 12.Nb5 Qa5 13.Be3 Nc6 14.Rfd1 Bg4 
15.Qc4 Be6 16.Bd5 a6 17.Nd6 Bxd5 18.Rxd5 Qc7 19.Rad1 b5 20.Qg4 Bxd6 21.
Rxd6 Rad8 22.Rd7 h5 23.Qf5 Nd4 24.R1xd4 Qxc3 25.Rxd8 exd4 26.Rxd4 1-0

[Event "10th EUR-ch (w)"]
[Site "Sankt Petersburg RUS"]
[Date "2009.03.18"]
[Round "10"]
[White "Stiazhkina, Olga"]
[Black "Calzetta Ruiz, Monica"]
[Result "1-0"]
[WhiteElo "2280"]
[BlackElo "2371"]
[EventDate "2009.03.08"]
[PlyCount "105"]

1.d4 Nf6 2.Nf3 g6 3.Bf4 Bg7 4.e3 O-O 5.Be2 d6 6.h3 Nfd7 7.Bh2 e5 8.dxe5 
Nxe5 9.Nxe5 dxe5 10.Qxd8 Rxd8 11.e4 Be6 12.Nd2 a5 13.Nc4 Rd4 14.Ne3 Rb4 
15.O-O-O Nc6 16.c3 Rxe4 17.Bd3 Ra4 18.a3 Bb3 19.Bc2 Bxc2 20.Kxc2 f5 21.Rd7
Rc8 22.Rhd1 f4 23.Nd5 Rc4 24.b3 Rc5 25.f3 Nd4+ 26.Kb2 Nf5 27.Bg1 Rc6 28.b4
axb4 29.axb4 Rd6 30.Rxd6 cxd6 31.Kb3 b5 32.Ra1 Kf8 33.Ra7 Nh4 34.Nc7 Kg8 
35.Nxb5 d5 36.Nc7 d4 37.cxd4 exd4 38.Ne6 Be5 39.Bxd4 Bxd4 40.Nxd4 Nxg2 41.
b5 Rc1 42.Kb4 Ne3 43.Rd7 Rb1+ 44.Nb3 Nc2+ 45.Kc3 Na1 46.Nxa1 Rxb5 47.Nc2 
Rh5 48.Kd3 Rxh3 49.Ke4 g5 50.Nd4 h5 51.Kf5 g4 52.Kg6 Kf8 53.Nc6 1-0

[Event "10th EUR-ch (w)"]
[Site "Sankt Petersburg RUS"]
[Date "2009.03.18"]
[Round "10"]
[White "Cherednichenko, Svetlana"]
[Black "Wagener, Anna"]
[Result "1-0"]
[WhiteElo "2367"]
[BlackElo "2255"]
[EventDate "2009.03.08"]
[PlyCount "45"]

1.d4 f5 2.Bg5 d5 3.e3 Qd6 4.Nd2 e5 5.dxe5 Qxe5 6.c4 Nf6 7.Ngf3 Qxb2 8.Rb1 
Qc3 9.Rb3 Qa5 10.Bxf6 gxf6 11.cxd5 Na6 12.Bb5+ Bd7 13.Bxd7+ Kxd7 14.Qc2 
Nc5 15.Qxf5+ Ke8 16.Qxf6 Rg8 17.O-O Be7 18.Qf5 Nxb3 19.Qh5+ Kd8 20.axb3 c6
21.e4 cxd5 22.Nc4 Qc5 23.Rd1 1-0

[Event "10th EUR-ch (w)"]
[Site "Sankt Petersburg RUS"]
[Date "2009.03.18"]
[Round "10"]
[White "Paikidze, Nazi"]
[Black "Kharashuta, Ekaterina"]
[Result "1-0"]
[WhiteElo "2280"]
[BlackElo "2304"]
[EventDate "2009.03.08"]
[PlyCount "45"]

1.d4 d6 2.c4 e5 3.Nf3 e4 4.Ng5 f5 5.Nc3 Be7 6.Nh3 c6 7.g3 Nf6 8.Bg2 Na6 9.
O-O O-O 10.d5 c5 11.f3 exf3 12.exf3 Nc7 13.Re1 Nd7 14.Bf4 g5 15.Nxg5 Bxg5 
16.Bxd6 Re8 17.Bxc7 Rxe1+ 18.Qxe1 Qxc7 19.Qe6+ Kg7 20.Nb5 Qd8 21.Nd6 Nf8 
22.Ne8+ Kh8 23.Qe5+ 1-0

[Event "10th EUR-ch (w)"]
[Site "Sankt Petersburg RUS"]
[Date "2009.03.18"]
[Round "10"]
[White "Chasovnikova, Eugenia"]
[Black "Popova, Natalia"]
[Result "1-0"]
[WhiteElo "2302"]
[BlackElo "2266"]
[EventDate "2009.03.08"]
[PlyCount "99"]

1.Nf3 Nf6 2.c4 g6 3.Nc3 d5 4.cxd5 Nxd5 5.g3 Bg7 6.Bg2 O-O 7.h4 Nxc3 8.bxc3
c5 9.h5 Nd7 10.Qa4 e5 11.Rb1 Re8 12.hxg6 hxg6 13.Ba3 Rb8 14.Nh4 Nb6 15.
Qxa7 Ra8 16.Qxb6 Qxb6 17.Rxb6 Rxa3 18.Bd5 Kf8 19.O-O e4 20.Rb5 Bh6 21.e3 
Be6 22.Rxc5 Bxd5 23.Rxd5 Rxa2 24.f3 exf3 25.Rxf3 Re6 26.Rd7 Ke8 27.Rd5 Rb2
28.Kf2 b5 29.Ke2 b4 30.cxb4 Rxb4 31.Ng2 Bg7 32.Nf4 Re5 33.Rxe5+ Bxe5 34.
Nd3 Rb5 35.Nxe5 Rxe5 36.d4 Ra5 37.Rf6 Ke7 38.Rb6 Rg5 39.Kf3 f5 40.Rb1 Rh5 
41.Kf4 Kf6 42.Rb6+ Kf7 43.Ke5 Rh3 44.Rb7+ Kf8 45.Kf4 Rh1 46.Ke5 Rg1 47.d5 
Rxg3 48.Rb3 Ke8 49.Ke6 Kf8 50.d6 1-0

[Event "10th EUR-ch (w)"]
[Site "Sankt Petersburg RUS"]
[Date "2009.03.18"]
[Round "10"]
[White "Savina, Anastasia"]
[Black "Eidelson, Rakhil"]
[Result "1/2-1/2"]
[WhiteElo "2297"]
[BlackElo "2225"]
[EventDate "2009.03.08"]
[PlyCount "98"]

1.d4 Nf6 2.c4 g6 3.Nc3 Bg7 4.e4 d6 5.Nf3 O-O 6.Be2 c5 7.O-O cxd4 8.Nxd4 
Nc6 9.Be3 Bd7 10.Qd2 Nxd4 11.Bxd4 Bc6 12.Bd3 Qa5 13.Rad1 Qh5 14.Be2 Qh4 
15.f3 Bh6 16.Qe1 Qxe1 17.Rfxe1 Nh5 18.Bf1 Rfc8 19.g3 Ng7 20.Kf2 Ne6 21.Be3
Bg7 22.Rc1 Kf8 23.b3 Bd7 24.Nd5 h6 25.h4 Nc5 26.Red1 f5 27.exf5 gxf5 28.
Nf4 Kf7 29.b4 Na4 30.c5 Nb2 31.Rd2 b5 32.Rdc2 Nc4 33.Rxc4 bxc4 34.Bxc4+ e6
35.c6 Rxc6 36.Bxe6+ Ke7 37.Rxc6 Bxc6 38.Bxf5 Rb8 39.Be4 Bxe4 40.fxe4 Rb7 
41.a4 a6 42.Ke2 Kd7 43.Nd5 h5 44.Bd2 Be5 45.Kf3 Ke6 46.Be1 Rf7+ 47.Ke2 Rg7
48.Kf3 Rf7+ 49.Ke2 Rg7 1/2-1/2

[Event "10th EUR-ch (w)"]
[Site "Sankt Petersburg RUS"]
[Date "2009.03.18"]
[Round "10"]
[White "Lupik, Marina"]
[Black "Dolzhikova, Kateryna"]
[Result "1/2-1/2"]
[WhiteElo "2163"]
[BlackElo "2294"]
[EventDate "2009.03.08"]
[PlyCount "74"]

1.d4 d5 2.c4 c6 3.Nf3 Nf6 4.e3 Bg4 5.Be2 e6 6.O-O Nbd7 7.Ne5 Bxe2 8.Qxe2 
Nxe5 9.dxe5 Nd7 10.f4 Bc5 11.Nc3 Qe7 12.a3 a5 13.Kh1 O-O 14.Bd2 Rfd8 15.
Rad1 Nb6 16.cxd5 cxd5 17.Rf3 Nc4 18.Be1 Nxe3 19.Rxe3 d4 20.Red3 dxc3 21.
Bxc3 a4 22.Qd2 Bb6 23.Bb4 Rxd3 24.Qxd3 Qh4 25.g3 Qh5 26.Kg2 h6 27.h3 Rd8 
28.Bd6 Rc8 29.Be7 Qf5 30.Qxf5 exf5 31.Rd2 Rc1 32.Bb4 Rg1+ 33.Kf3 Rf1+ 34.
Kg2 Rg1+ 35.Kf3 Rf1+ 36.Kg2 Rg1+ 37.Kf3 Rf1+ 1/2-1/2

[Event "10th EUR-ch (w)"]
[Site "Sankt Petersburg RUS"]
[Date "2009.03.18"]
[Round "10"]
[White "Arabidze, Meri"]
[Black "Matveeva, Svetlana"]
[Result "1/2-1/2"]
[WhiteElo "2246"]
[BlackElo "2422"]
[EventDate "2009.03.08"]
[PlyCount "95"]

1.d4 e6 2.c4 b6 3.Nf3 Bb7 4.a3 f5 5.Nc3 Nf6 6.d5 Be7 7.g3 Ne4 8.Nxe4 fxe4 
9.Nd4 exd5 10.cxd5 O-O 11.Qb3 Kh8 12.Bg2 Na6 13.Qc4 Bf6 14.O-O Nc5 15.Be3 
a5 16.b4 axb4 17.axb4 Na6 18.Rab1 Qe8 19.Nb5 c6 20.Nd6 cxd5 21.Qb3 Qb8 22.
Bf4 Nc7 23.Rfc1 g5 24.Rxc7 gxf4 25.Rxd7 Bc6 26.Nf7+ Kg8 27.Rd6 Rxf7 28.
Rxc6 fxg3 29.hxg3 Qe5 30.Rd1 Ra1 31.Rxa1 Qxa1+ 32.Kh2 Qd4 33.e3 Qe5 34.
Rxb6 h5 35.Qd1 h4 36.Qg4+ Rg7 37.Qe6+ Qxe6 38.Rxe6 hxg3+ 39.fxg3 Bc3 40.b5
Be1 41.Re8+ Kf7 42.Rd8 Bxg3+ 43.Kg1 Ke6 44.Rc8 Rc7 45.Rxc7 Bxc7 46.Kf2 Bb6
47.Ke2 Kd6 48.Bh3 1/2-1/2

[Event "10th EUR-ch (w)"]
[Site "Sankt Petersburg RUS"]
[Date "2009.03.18"]
[Round "10"]
[White "Umudova, Nargiz"]
[Black "Peptan, Corina-Isabela"]
[Result "0-1"]
[WhiteElo "2227"]
[BlackElo "2401"]
[EventDate "2009.03.08"]
[PlyCount "120"]

1.Nf3 c5 2.g3 Nc6 3.Bg2 g6 4.c3 Bg7 5.d4 cxd4 6.cxd4 Qb6 7.e3 Nf6 8.Nc3 d6
9.O-O O-O 10.Qe2 Bd7 11.d5 Nb4 12.e4 Rfc8 13.Rd1 Ng4 14.h3 Ne5 15.Nxe5 
Bxe5 16.Be3 Qa5 17.Bg5 f6 18.Be3 Na6 19.Rac1 b5 20.f4 Bxc3 21.bxc3 Rxc3 
22.Rxc3 Qxc3 23.Kh2 Rc8 24.Bxa7 Nc5 25.Rd2 Qa5 26.Bxc5 Rxc5 27.Rc2 b4 28.
Rxc5 Qxc5 29.e5 fxe5 30.fxe5 dxe5 31.Qxe5 Qd6 32.Qe3 Bf5 33.h4 Bg4 34.Qd4 
Bf5 35.Qc4 Kf7 36.Bh3 Bxh3 37.Kxh3 Qd7+ 38.Kg2 Qd6 39.Qb3 Kf6 40.Kf2 Ke5 
41.Qc4 Qxd5 42.Qxb4 Qxa2+ 43.Ke3 Qe6 44.Qd4+ Kf5+ 45.Kf3 Qc6+ 46.Ke3 e5 
47.g4+ Ke6 48.Qb4 Qc1+ 49.Kf3 Qd1+ 50.Kg3 Qd3+ 51.Kh2 e4 52.Qb7 e3 53.Qc8+
Ke5 54.Qc7+ Ke4 55.Qxh7 Qe2+ 56.Kh3 Qf3+ 57.Kh2 Qxg4 58.Qb7+ Kd3 59.Qb3+ 
Ke2 60.Qb2+ Kf3 0-1

[Event "10th EUR-ch (w)"]
[Site "Sankt Petersburg RUS"]
[Date "2009.03.18"]
[Round "10"]
[White "Huda, Maryana"]
[Black "Gvetadze, Sopio"]
[Result "0-1"]
[WhiteElo "2240"]
[BlackElo "2377"]
[EventDate "2009.03.08"]
[PlyCount "136"]

1.d4 Nf6 2.c4 e6 3.Nc3 Bb4 4.e3 O-O 5.Ne2 d5 6.a3 Be7 7.cxd5 exd5 8.g3 
Nbd7 9.Bg2 Nb6 10.O-O Re8 11.Nf4 Bf8 12.b3 Bf5 13.Bb2 a5 14.a4 c6 15.Nd3 
Ne4 16.Rc1 Nc8 17.Re1 Qg5 18.Nxe4 dxe4 19.Ne5 f6 20.Nc4 Be6 21.f3 f5 22.f4
Qd8 23.Bf1 Qd5 24.Qc2 b5 25.Ne5 Na7 26.Bc3 Qd8 27.Ra1 Bd5 28.Reb1 b4 29.
Be1 h6 30.Bh3 Qf6 31.Rb2 Red8 32.Rc1 c5 33.Bf2 Rac8 34.Qd1 cxd4 35.Rxc8 
Nxc8 36.exd4 Nb6 37.Qh5 Be6 38.g4 fxg4 39.Bh4 Qxf4 40.Bxd8 gxh3 41.Rf2 
Qc1+ 42.Rf1 Qe3+ 43.Kh1 Qd2 44.Qg6 Qg2+ 45.Qxg2 hxg2+ 46.Kxg2 Nd5 47.Nc4 
h5 48.Kg3 g6 49.Re1 Bf5 50.h4 Bh6 51.Bg5 Bg7 52.Ne3 Be6 53.Nc4 Nc3 54.Nxa5
Bxd4 55.Be3 Bf6 56.Bd2 Be5+ 57.Bf4 Bg7 58.Bd6 Bf5 59.Bxb4 Be5+ 60.Kg2 Nd5 
61.Nc6 Bf6 62.Bd2 Bxh4 63.Rc1 e3 64.Ba5 Be4+ 65.Kf1 Nf4 66.Nd4 Bf2 67.Rc8+
Kh7 68.Rc7+ Kh6 0-1

[Event "10th EUR-ch (w)"]
[Site "Sankt Petersburg RUS"]
[Date "2009.03.18"]
[Round "10"]
[White "Motoc, Alina"]
[Black "Ambartsumova, Karina"]
[Result "1/2-1/2"]
[WhiteElo "2358"]
[BlackElo "2227"]
[EventDate "2009.03.08"]
[PlyCount "93"]

1.d4 d5 2.c4 e6 3.Nf3 Be7 4.Nc3 Nf6 5.cxd5 exd5 6.Qc2 O-O 7.Bg5 g6 8.e3 
Bf5 9.Qb3 Nbd7 10.Be2 Nb6 11.O-O c6 12.Ne5 Ne4 13.Nxe4 Bxe4 14.Bxe7 Qxe7 
15.a4 f6 16.Nd3 Nc4 17.Rfe1 Bxd3 18.Bxd3 Nd6 19.e4 Qf7 20.exd5 Qxd5 21.
Qxd5+ cxd5 22.Rac1 Rfe8 23.Red1 Rac8 24.g3 b6 25.h4 Rxc1 26.Rxc1 Rc8 27.
Rxc8+ Nxc8 28.Kf1 a5 29.Ke2 Ne7 30.Bb5 Kf7 31.Bd7 Ng8 32.Ke3 Ne7 33.Kf4 h6
34.Kg4 f5+ 35.Kf3 g5 36.hxg5 hxg5 37.Ke3 Kf6 38.Kf3 Kf7 39.Kg2 Kf6 40.Kh3 
Kf7 41.f4 gxf4 42.gxf4 Kf6 43.Kg3 Ng6 44.Be8 Ne7 45.Bb5 Ng6 46.Bc6 Ne7 47.
Bd7 1/2-1/2

[Event "10th EUR-ch (w)"]
[Site "Sankt Petersburg RUS"]
[Date "2009.03.18"]
[Round "10"]
[White "Ivakhinova, Inna"]
[Black "Kochetkova, Yulia"]
[Result "0-1"]
[WhiteElo "2225"]
[BlackElo "2315"]
[EventDate "2009.03.08"]
[PlyCount "78"]

1.e4 c5 2.Nf3 d6 3.d4 cxd4 4.Nxd4 Nf6 5.Nc3 e6 6.Be3 Nc6 7.Be2 Be7 8.O-O 
O-O 9.Kh1 Bd7 10.Ndb5 Qb8 11.a4 Rd8 12.Qd2 Nb4 13.Bf3 d5 14.exd5 Nbxd5 15.
Bxd5 Bxb5 16.axb5 Nxd5 17.Nxd5 Rxd5 18.Qe2 Qe5 19.c4 Rdd8 20.Rfd1 Bc5 21.
Rxd8+ Rxd8 22.Rd1 Rc8 23.Qd2 h6 24.b3 Bxe3 25.fxe3 a6 26.b6 Rc6 27.Qd8+ 
Kh7 28.Qd3+ f5 29.Kg1 Rxb6 30.h3 Qc5 31.Kf2 Qb4 32.Rb1 Rd6 33.Qf1 Qc3 34.
Kf3 Rd3 35.Qe2 e5 36.Rb2 f4 37.Kf2 fxe3+ 38.Kf3 Qd4 39.g3 e4+ 0-1

[Event "10th EUR-ch (w)"]
[Site "Sankt Petersburg RUS"]
[Date "2009.03.18"]
[Round "10"]
[White "Daulyte, Deimante"]
[Black "Korchagina, Viktoria"]
[Result "1-0"]
[WhiteElo "2279"]
[BlackElo "2187"]
[EventDate "2009.03.08"]
[PlyCount "95"]

1.e4 c5 2.Nf3 d6 3.d4 cxd4 4.Nxd4 Nf6 5.Nc3 a6 6.Bg5 e6 7.f4 Be7 8.Qe2 b5 
9.a3 Qb6 10.O-O-O Nbd7 11.Bh4 Bb7 12.e5 dxe5 13.fxe5 Nd5 14.Nxd5 Bxd5 15.
Bxe7 Kxe7 16.Nf5+ exf5 17.Rxd5 Rhd8 18.g4 fxg4 19.Bg2 Rac8 20.Rhd1 Nc5 21.
Rd6 Qc7 22.Bc6 Kf8 23.Qf2 Rxd6 24.Rxd6 Qb6 25.Qg2 Rd8 26.Qd5 Ne6 27.Kb1 
Rxd6 28.exd6 Qg1+ 29.Ka2 Qd4 30.c3 Qxd5+ 31.Bxd5 Nc5 32.b4 Nd7 33.Bb7 Nb8 
34.Kb3 f5 35.Bc8 g6 36.c4 h5 37.c5 f4 38.Kc3 Kf7 39.Kd3 Kf6 40.Ke4 g5 41.
Bb7 f3 42.Ke3 Ke5 43.Bxa6 h4 44.Bc8 f2 45.Kxf2 Kf4 46.d7 Nc6 47.Bb7 Nd8 
48.c6 1-0

[Event "10th EUR-ch (w)"]
[Site "Sankt Petersburg RUS"]
[Date "2009.03.18"]
[Round "10"]
[White "Borisova, Elizaveta"]
[Black "Avdeenko, Tatiana"]
[Result "0-1"]
[WhiteElo "2270"]
[BlackElo "2168"]
[EventDate "2009.03.08"]
[PlyCount "42"]

1.d4 d6 2.c4 e5 3.Nf3 e4 4.Nfd2 f5 5.e3 Nf6 6.Nc3 g6 7.f3 exf3 8.Nxf3 Bg7 
9.Bd3 O-O 10.O-O c6 11.Bd2 Na6 12.e4 fxe4 13.Nxe4 Nxe4 14.Bxe4 Be6 15.Qc2 
d5 16.Ng5 Bxd4+ 17.Kh1 Rf6 18.Nxe6 Rxe6 19.Bf3 Nc7 20.Rad1 Be5 21.Qb3 Qh4 
0-1

[Event "10th EUR-ch (w)"]
[Site "Sankt Petersburg RUS"]
[Date "2009.03.18"]
[Round "10"]
[White "Cherenkova, Kristina"]
[Black "Mammadova, Gulnar"]
[Result "1/2-1/2"]
[WhiteElo "2270"]
[BlackElo "2175"]
[EventDate "2009.03.08"]
[PlyCount "72"]

1.e4 e6 2.d3 d5 3.Nd2 c5 4.Ngf3 Nf6 5.g3 b6 6.Bg2 Bb7 7.e5 Nfd7 8.O-O Nc6 
9.Re1 Qc7 10.Qe2 Be7 11.Nf1 h6 12.h4 O-O-O 13.a3 Rdg8 14.b4 g5 15.hxg5 
hxg5 16.b5 Nd8 17.Bb2 Rg6 18.N3h2 f5 19.c3 Nf7 20.d4 g4 21.Bc1 c4 22.a4 
Bg5 23.a5 Bxc1 24.axb6 axb6 25.Rexc1 Ng5 26.Ra7 Nb8 27.Rca1 Rh7 28.Qe3 Qd8
29.Qc1 Rgh6 30.f4 gxf3 31.Nxf3 Ne4 32.Qe3 Qh8 33.Ng5 Nxg5 34.Qxg5 Rg7 35.
Qe3 Rhg6 36.R7a2 Rg4 1/2-1/2

[Event "10th EUR-ch (w)"]
[Site "Sankt Petersburg RUS"]
[Date "2009.03.18"]
[Round "10"]
[White "Akatova, Ekaterina"]
[Black "Kushka, Alena"]
[Result "1-0"]
[WhiteElo "2261"]
[BlackElo "2124"]
[EventDate "2009.03.08"]
[PlyCount "89"]

1.e4 e5 2.Nf3 Nf6 3.Nxe5 d6 4.Nf3 Nxe4 5.Nc3 Nf6 6.d4 Be7 7.Bd3 O-O 8.O-O 
Re8 9.Ne2 Nbd7 10.c3 Nf8 11.Ng3 Ng6 12.h3 Bf8 13.Qc2 Bd7 14.h4 Bg4 15.Nh2 
Qd7 16.f3 Be6 17.h5 Ne7 18.Bg5 Ned5 19.a3 h6 20.Bd2 b5 21.b3 Nb6 22.Rfe1 
c5 23.dxc5 dxc5 24.Be4 Nxe4 25.Nxe4 f5 26.Ng3 Qf7 27.b4 c4 28.f4 Rad8 29.
Nf3 Qd7 30.Rad1 Qd3 31.Qc1 Nd5 32.Kh2 Nf6 33.Be3 Ng4+ 34.Kg1 Qxd1 35.Rxd1 
Rxd1+ 36.Qxd1 Nxe3 37.Qd4 Ng4 38.Ne5 Nxe5 39.Qxe5 Bf7 40.Qxf5 Re1+ 41.Kh2 
Ra1 42.Qxb5 Rxa3 43.Ne4 Ra2 44.Qf5 Re2 45.Nf6+ 1-0

[Event "10th EUR-ch (w)"]
[Site "Sankt Petersburg RUS"]
[Date "2009.03.18"]
[Round "10"]
[White "Fakhiridou, Ekaterini"]
[Black "Sorokina, Anastasia"]
[Result "1-0"]
[WhiteElo "2257"]
[BlackElo "2087"]
[EventDate "2009.03.08"]
[PlyCount "77"]

1.e4 Nf6 2.e5 Nd5 3.d4 d6 4.Nf3 Nc6 5.exd6 exd6 6.c4 Nf6 7.Be2 Be7 8.O-O 
O-O 9.Nc3 d5 10.Ne5 Be6 11.b3 Qe8 12.Be3 dxc4 13.bxc4 Nxe5 14.dxe5 Nd7 15.
f4 Nb6 16.c5 Nc4 17.Bf2 Rd8 18.Qc2 Qd7 19.Rfd1 Qc8 20.Nb5 Na5 21.Nd4 Bd7 
22.Bd3 g6 23.f5 b6 24.c6 Be8 25.Nb3 Nxc6 26.f6 Bb4 27.a3 Ba5 28.Be4 Rxd1+ 
29.Rxd1 Qe6 30.Nxa5 Nxa5 31.Qxc7 Qc4 32.Qxc4 Nxc4 33.Bd5 Bb5 34.e6 fxe6 
35.Bxe6+ Kh8 36.f7 h5 37.Bd4+ Kh7 38.Bf6 Ne3 39.Rd8 1-0

[Event "10th EUR-ch (w)"]
[Site "Sankt Petersburg RUS"]
[Date "2009.03.18"]
[Round "10"]
[White "Gritsaeva, Oksana"]
[Black "Zainullina, Natalia"]
[Result "1/2-1/2"]
[WhiteElo "2341"]
[BlackElo "2173"]
[EventDate "2009.03.08"]
[PlyCount "134"]

1.e4 e5 2.Nf3 Nc6 3.Bc4 Be7 4.d4 d6 5.dxe5 dxe5 6.Qxd8+ Bxd8 7.Ng5 Bxg5 8.
Bxg5 Nd4 9.Na3 Be6 10.O-O-O f6 11.Bxe6 Nxe6 12.Be3 Ne7 13.g3 a6 14.Nc4 Kf7
15.f4 exf4 16.gxf4 g6 17.Rhf1 Rad8 18.Rde1 Rd7 19.Bd2 Rhd8 20.Bc3 Nd4 21.
e5 Nef5 22.b3 Rd5 23.exf6 Kxf6 24.Ne5 Kg7 25.Bb2 R5d6 26.Nc4 R6d7 27.Na5 
c6 28.a4 Kf7 29.Kb1 Re8 30.Rxe8 Kxe8 31.Re1+ Kf7 32.Ba3 Ne6 33.Nc4 Rd8 34.
Ne5+ Kf6 35.Bb2 Ke7 36.Nf3 Kf7 37.Re4 Nd6 38.Re2 Nf5 39.Re4 Nd6 40.Re1 Nf5
41.Be5 Rd5 42.Kc1 Rd8 43.Re4 c5 44.Nd2 b5 45.axb5 axb5 46.Re1 Nfd4 47.Ne4 
Nf5 48.Kb2 h6 49.Ra1 Rd7 50.Ra8 g5 51.fxg5 hxg5 52.Nf6 Rd2 53.Kc1 Re2 54.
Ng4 Nfd4 55.c3 Rc2+ 56.Kd1 Rxc3 57.b4 cxb4 58.Nf2 Ra3 59.Rxa3 bxa3 60.Kc1 
b4 61.Bd6 a2 62.Kb2 b3 63.Be5 Nc2 64.Kxb3 a1=Q 65.Bxa1 Nxa1+ 66.Kb2 Nd4 
67.Kxa1 Nf3 1/2-1/2

[Event "10th EUR-ch (w)"]
[Site "Sankt Petersburg RUS"]
[Date "2009.03.18"]
[Round "10"]
[White "Jinova, Lucie"]
[Black "Bulmaga, Irina"]
[Result "0-1"]
[WhiteElo "2131"]
[BlackElo "2300"]
[EventDate "2009.03.08"]
[PlyCount "120"]

1.e4 c6 2.d4 d5 3.Nd2 dxe4 4.Nxe4 Bf5 5.Ng3 Bg6 6.h4 h6 7.Nf3 Nd7 8.h5 Bh7
9.Bd3 Bxd3 10.Qxd3 e6 11.Bd2 Qc7 12.O-O-O Ngf6 13.Qe2 O-O-O 14.Ne5 Nb8 15.
Rh4 Bd6 16.f4 Rhe8 17.Kb1 c5 18.c3 Nc6 19.Be1 Kb8 20.Bf2 cxd4 21.cxd4 Nb4 
22.Rc1 Qe7 23.Ne4 Nxe4 24.Qxe4 Rc8 25.Rhh1 Ka8 26.a3 Nd5 27.Qf3 Qf6 28.g3 
Bxe5 29.dxe5 Qf5+ 30.Ka1 Kb8 31.Bc5 Ka8 32.Rhd1 Rc6 33.Bd6 Rec8 34.Rxc6 
Rxc6 35.g4 Qc2 36.Qd3 Qxd3 37.Rxd3 Rc1+ 38.Ka2 Rg1 39.f5 Rxg4 40.Bf8 b6 
41.fxe6 fxe6 42.Rf3 Rg5 43.Rf7 Rxe5 44.Rxg7 Rxh5 45.Rg6 Nf4 46.Rf6 Rf5 47.
Rxf5 exf5 48.Bxh6 Ne6 49.Kb3 Kb7 50.Kc4 Kc6 51.a4 f4 52.a5 bxa5 53.b4 a4 
54.b5+ Kb6 55.Kb4 a3 56.Kxa3 Kxb5 57.Ka2 a5 58.Ka3 f3 59.Be3 Nf4 60.Ka2 
Nh3 0-1

[Event "10th EUR-ch (w)"]
[Site "Sankt Petersburg RUS"]
[Date "2009.03.18"]
[Round "10"]
[White "Zakurdyaeva, Irina"]
[Black "Yakovich, Yulia"]
[Result "1-0"]
[WhiteElo "2295"]
[BlackElo "2125"]
[EventDate "2009.03.08"]
[PlyCount "69"]

1.e4 e5 2.Nf3 Nc6 3.Bb5 a6 4.Ba4 Nf6 5.O-O Bc5 6.c3 O-O 7.d4 Ba7 8.dxe5 
Nxe4 9.Qd5 Nc5 10.Bc2 Ne7 11.Qd1 d5 12.Bg5 Be6 13.Nbd2 Re8 14.Nd4 Qc8 15.
b4 Nd7 16.Nxe6 fxe6 17.Nf3 Nf8 18.Qd3 Qd7 19.h4 c5 20.bxc5 Bxc5 21.Nh2 Nc6
22.Rae1 Be7 23.f4 Bc5+ 24.Kh1 h6 25.Bxh6 gxh6 26.Ng4 Kh8 27.Nf6 Qd8 28.Qg3
Ne7 29.f5 Nd7 30.fxe6 Rg8 31.Nxg8 Qxg8 32.Qxg8+ Rxg8 33.exd7 Bb6 34.Rf6 
Kg7 35.Rxb6 1-0

[Event "10th EUR-ch (w)"]
[Site "Sankt Petersburg RUS"]
[Date "2009.03.18"]
[Round "10"]
[White "Sokolova, Vera"]
[Black "Lomako, Anna"]
[Result "0-1"]
[WhiteElo "2084"]
[BlackElo "2277"]
[EventDate "2009.03.08"]
[PlyCount "82"]

1.e4 d5 2.exd5 Qxd5 3.d4 Nc6 4.Be3 Bf5 5.Nc3 Qd7 6.Nf3 a6 7.Qd2 Nf6 8.h3 
e6 9.g4 Bg6 10.Ne5 Nxe5 11.dxe5 Qxd2+ 12.Bxd2 Nd7 13.O-O-O Nxe5 14.f4 Nc6 
15.Bg2 O-O-O 16.a3 h5 17.Rdf1 hxg4 18.hxg4 Rxh1 19.Bxh1 Bc5 20.Ne4 Bd4 21.
f5 exf5 22.gxf5 Bh5 23.Ng3 Bg4 24.c3 Be5 25.Bf4 Rd1+ 26.Rxd1 Bxf4+ 27.Rd2 
Bxg3 28.Rg2 Bf4+ 29.Kb1 Bxf5+ 30.Ka2 g5 31.Rf2 Be6+ 32.b3 f5 33.c4 Be3 34.
Rh2 f4 35.Kb2 g4 36.Kc3 Bf5 37.b4 f3 38.Rh8+ Kd7 39.Rf8 Nd4 40.Rf7+ Ke6 
41.Rxc7 Ne2+ 0-1

[Event "10th EUR-ch (w)"]
[Site "Sankt Petersburg RUS"]
[Date "2009.03.18"]
[Round "10"]
[White "Kursova, Maria"]
[Black "Kuzevanova, Evgenia"]
[Result "1-0"]
[WhiteElo "2268"]
[BlackElo "2131"]
[EventDate "2009.03.08"]
[PlyCount "87"]

1.d4 Nf6 2.Nf3 g6 3.c4 Bg7 4.g3 O-O 5.Bg2 d5 6.cxd5 Nxd5 7.O-O Nb6 8.Nc3 
Nc6 9.e3 e5 10.d5 Ne7 11.e4 Bg4 12.h3 Bxf3 13.Qxf3 c6 14.Bg5 f6 15.Be3 
cxd5 16.exd5 Nf5 17.Bc5 Nd6 18.Qe2 Nbc8 19.a4 Rf7 20.a5 Rb8 21.Nb5 a6 22.
Nc3 Bf8 23.b4 Kg7 24.f4 exf4 25.Rxf4 Nf5 26.Qf2 Bd6 27.Rf3 Be5 28.g4 Nfd6 
29.Re1 Qd7 30.Kh1 Nb5 31.Nxb5 axb5 32.g5 Nd6 33.Rxe5 fxe5 34.Bxd6 Rxf3 35.
Bxe5+ Kg8 36.Qxf3 Rf8 37.Bf6 Re8 38.Bc3 Rf8 39.Qe4 Rf5 40.Qd4 Kf8 41.Qh8+ 
Ke7 42.Bf6+ Kd6 43.Qb8+ Qc7 44.Qf8+ 1-0

[Event "10th EUR-ch (w)"]
[Site "Sankt Petersburg RUS"]
[Date "2009.03.18"]
[Round "10"]
[White "Mamedyarova, Turkan"]
[Black "Samigullina, Diana"]
[Result "1/2-1/2"]
[WhiteElo "2245"]
[BlackElo "2084"]
[EventDate "2009.03.08"]
[PlyCount "88"]

1.d4 d5 2.Nc3 c6 3.Nf3 Bf5 4.e3 e6 5.Bd3 Bxd3 6.Qxd3 f5 7.Ne2 Bd6 8.c4 Qf6
9.c5 Bc7 10.Bd2 Nd7 11.Rb1 b5 12.cxb6 axb6 13.Rc1 Ne7 14.Bb4 e5 15.Nd2 e4 
16.Qb3 Bd6 17.Bxd6 Qxd6 18.h4 O-O 19.h5 c5 20.Nc3 cxd4 21.Nb5 Qh6 22.exd4 
f4 23.Nxe4 f3 24.O-O fxg2 25.Rfe1 Kh8 26.Ng3 Nf5 27.Qxd5 Nh4 28.Re3 Qf4 
29.Rc2 Rac8 30.Nc3 Qg4 31.Rce2 Nf6 32.Qe6 Qxd4 33.Nf5 Qf4 34.Nxh4 Qxh4 35.
Qh3 Qxh5 36.Kxg2 Qc5 37.Re5 Qd4 38.Qe3 Qd7 39.Qg3 Rce8 40.Rxe8 Rxe8 41.
Rxe8+ Qxe8 42.Qe3 Qc6+ 43.Qf3 Qe8 44.Ne2 Ne4 1/2-1/2

[Event "10th EUR-ch (w)"]
[Site "Sankt Petersburg RUS"]
[Date "2009.03.18"]
[Round "10"]
[White "Lomakina, Galia"]
[Black "Dolgova, Olga"]
[Result "1-0"]
[WhiteElo "2058"]
[BlackElo "2245"]
[EventDate "2009.03.08"]
[PlyCount "137"]

1.e4 c6 2.d3 d5 3.Nd2 g6 4.Ngf3 Bg7 5.g3 e5 6.Bg2 Ne7 7.O-O O-O 8.Re1 Qc7 
9.a4 a5 10.c3 Nd7 11.Nb3 dxe4 12.dxe4 c5 13.Be3 c4 14.Nbd2 Ra6 15.Qe2 Rc6 
16.Bf1 f5 17.Nxc4 fxe4 18.Ng5 Nf6 19.Nd2 Bf5 20.Bg2 Ned5 21.Ngxe4 Ng4 22.
Bg5 h6 23.h3 Ngf6 24.Nxf6+ Nxf6 25.Bxc6 Qxc6 26.Bxf6 Qxf6 27.g4 Bd7 28.Ne4
Qh4 29.Qe3 Bc6 30.Qg3 Qe7 31.b3 Rf4 32.Nd2 Qf7 33.Re3 Qd5 34.Nf3 Rxf3 35.
Rxf3 Qxf3 36.Qxf3 Bxf3 37.b4 axb4 38.cxb4 Kf7 39.b5 Be2 40.Rc1 Bf3 41.Rc7+
Kf6 42.a5 Bf8 43.a6 bxa6 44.bxa6 Bd6 45.Rc3 Ba8 46.a7 Kg5 47.Rc8 Bb7 48.
a8=Q Bxa8 49.Rxa8 Bc5 50.Kg2 h5 51.gxh5 gxh5 52.Ra4 Bd4 53.Kg3 h4+ 54.Kf3 
Kf5 55.Ra8 Bc5 56.Rh8 Kg5 57.Rh7 e4+ 58.Ke2 Bd4 59.Rd7 Bb6 60.Rb7 Bd8 61.
Ke3 Kf5 62.Rb5+ Ke6 63.Kxe4 Bf6 64.Rb6+ Kf7 65.Rxf6+ Kxf6 66.Kf4 Ke6 67.
Kg5 Ke5 68.f4+ Ke4 69.f5 1-0